Statistics for All Teams to Ever Play a Rugby World Cup

Click here to take the quiz!

General Stats

  • This quiz has been taken 1,188 times
  • The average score is 21 of 25

Answer Stats

#Top FinishTeams% Correct
7WinnerAustralia
99%
7WinnerEngland
99%
7WinnerNew Zealand
99%
4WinnerSouth Africa
99%
7FinalistFrance
98%
7QuartersIreland
98%
74th PlaceScotland
97%
73rd PlaceWales
97%
73rd placeArgentina
94%
7Round 1Italy
93%
6QuartersFiji
92%
6Round 1United States
91%
7QuartersCanada
90%
7Round 1Japan
90%
6QuartersSamoa
90%
6Round 1Tonga
89%
1Round 1Russia
84%
1Round 1Spain
82%
4Round 1Namibia
78%
3Round 1Georgia
72%
1Round 1Portugal
72%
7Round 1Romania
71%
2Round 1Uruguay
70%
2Round 1Zimbabwe
51%
1Round 1Côte d'Ivoire
28%

Score Distribution

Percentile by Number Answered

Percent of People with Each Score

Your Score History

You have not taken this quiz